00726nam a22002057a 4500999001900000005001700019010001300036020001000049035001300059037001400072082001100086100002400097245006500121246005700186260005400243270003900297300002000336942003000356952013400386 c171586d17158620200115160433.0 aA-644478 c15.00 aA-644478 bBPPD/Pub. a841.08 aممتاز حسین aیگانہ : شخص اور شاعری /cممتاز حسین aYagana: Shakhs Aur Shayri (Urdu) /bby Mumtaz Haseen bEducational Publishing Housecء1988 aNew Delhi a2060, DaryaganjbNew Delhie110002 a128p.c19cm(Hb) 2ddccURh841.08mو ا ج 001040708NFICaLbLd2020-01-15eBPPD/Ven.g15.00l0o841.08 و ا جpA-644478r2020-01-15 00:00:00t1v15.00w2020-01-15yUR